مكتبة جامعة عجلون الوطنية

فهرس بحث المكتبة

The Effeet of Instructor,s Questions on Classroom Lnteraction From Ajloun National University Students (Record no. 1935)

MARC details
000 -LEADER
fixed length control field 00549nam a2200169Ii 4500
003 - CONTROL NUMBER IDENTIFIER
control field JO-AjNU
008 - FIXED-LENGTH DATA ELEMENTS--GENERAL INFORMATION
fixed length control field 230606s9999||||xx |||||||||||||| ||und||
040 ## - CATALOGING SOURCE
Original cataloging agency JO-AjNU
Language of cataloging eng
Description conventions rda
Transcribing agency JO-AjNU
041 ## - LANGUAGE CODE
Language code of text/sound track or separate title eng
050 14 - LIBRARY OF CONGRESS CALL NUMBER
Classification number LC208.8.2015
100 3# - MAIN ENTRY--PERSONAL NAME
Personal name AL-Amro, Mohammad، Jawad Mahafzah,
Relator term author
9 (RLIN) 3711
245 04 - TITLE STATEMENT
Title The Effeet of Instructor,s Questions on Classroom Lnteraction From Ajloun National University Students
300 ## - PHYSICAL DESCRIPTION
Extent 29p
336 ## - CONTENT TYPE
Content type term text
Content type code txt
Source rdacontent
337 ## - MEDIA TYPE
Media type term unmediated
Media type code n
Source rdamedia
338 ## - CARRIER TYPE
Carrier type term volume
Carrier type code nc
Source rdacarrier
Holdings
Withdrawn status Lost status Source of classification or shelving scheme Damaged status Not for loan Home library Current library Shelving location Date acquired Total Checkouts Full call number Barcode Date last seen Price effective from Koha item type
    Library of Congress Classification   Not For Loan مكتبة جامعة عجلون الوطنية مكتبة جامعة عجلون الوطنية المراجع 06/06/2023   LC208.8.2015 E1935 06/06/2023 06/06/2023 Reference